MARC

LEADER 00000nam0a2200000 4500
001 110301
005 20231031120424.0
035 |a (RuTPU)RU\TPU\book\119117 
090 |a 110301 
100 |a 20070221d1967 km y0frey50 ba 
101 0 |a fre 
102 |a FR 
105 |a a z 000zy 
200 1 |a Elements D Electricite  |f C. Suchet 
210 |a Paris  |c Edions eyrolles  |d 1967 
215 |a 302 с.  |c ил. 
225 1 |a Cours professionnels des postes et telecommunications 
610 1 |a электротехника 
610 1 |a теоретическая электротехника 
610 1 |a телекоммуникации 
610 1 |a электротехнические изделия 
610 1 |a электротехнические материалы 
675 |a 621.3  |v 3 
700 1 |a Suchet  |b C. 
801 1 |a RU  |b 63413507  |c 20070221  |g PSBO 
801 2 |a RU  |b 63413507  |c 20081003  |g PSBO 
942 |c BK